Rozpoznaj bitwy kampanii wrześniowej - Statystyki

Ogólne statystyki
  • Ten quiz został rozwiązany 65 razy
  • Średni wynik to 7 z 10
Statystyki odpowiedzi
Zagadnienie Odpowiedź % Poprawnych
Bitwa o miasto na dzisiejszej Białorusi, stoczona w dniach 20- 22 września między 2000- 4000 polskimi obrońcami a wielokrotnie liczniejszą armią sowiecką. Bitwa o Grodno
90%
Bitwa, która rozegrała się w dniach 7- 10 września 1939. Kilkuset polskich obrońców nad Narwią stawiło zaciekły opór niemieckiemu XIX Korpusowi Armijnemu, który w bitwie posiadał 42 000 żołnierzy i kilkaset czołgów. Większość obrońców, razem z dowódcą Władysławem Raginisem, poległa. Obrona Wizny
90%
Największa i decydująca bitwa kampanii wrześniowej. Rozpoczęła się od niespodziewanego kontrataku Armii Poznań na pozycje 8 Armii 8 września. Mimo początkowych sukcesów, ofensywa załamała się, a polskie armie ,,Poznań" i ,,Pomorze" zostały okrążone i w większości zniszczone. Bitwa nad Bzurą
86%
Przez 7 dni nieliczni obrońcy Wojskowej Składnicy Tranzytowej w Gdańsku zaciekle bronili jej przed licznymi niemieckimi wojskami. Bitwa jest uznawana za symbol polskiego męstwa i ofiarnej walki w czasie II wojny światowej Obrona Westerplatte
81%
W tej bitwie, zaliczanej do bitwy granicznej, Wołyńska Brygada Kawalerii zadała niemieckiej 4 Dywizji Pancernej ciężkie straty, jednak mimo tego musiała wycofać się na nowe pozycje defensywne. Bitwa pod Mokrą
76%
Walki polskiej 6 Dywizji Piechoty z niemiecką 5 Dywizją Pancerną na Górnym Śląsku. Starcie to zaliczane jest do bitwy granicznej. Wojska niemieckie odniosły zwycięstwo dzięki niespodziewanemu atakowi pancernemu. Bitwa pszczyńska
62%
Starcie 10 Brygady Kawalerii z XVIII Korpusem Pancernym na Podhalu. Jest to dość mało znany epizod bitwy granicznej. Polska armia, skutecznie wykorzystując działka przeciwpancerne zniszczyła kilkadziesiąt niemieckich czołgów. Bitwa pod Jordanowem
52%
Walki oddziałów Korpusu Ochrony Pogranicza z Sowietami na przełomie września i października. Polskie wojska po skutecznej obronie wycofały się na zachodni brzeg Bugu, gdzie jednak nacierały już wojska niemieckie. Bitwy pod Szackiem i Wytycznem
52%
Szarża polskiej kawalerii w Borach Tucholskich 1 września 1939. 250 ułanów z 18 Pułku Ułanów Pomorskich przeprowadziło szarżę na wojska niemieckie. Polskie straty były wysokie, a dowódca oddziału- Kazimierz Mastalerz, poległ w boju. Bitwa pod Krojantami
48%
Jedno z największych starć podczas bitwy granicznej, w którym niemiecka 3 Armia pod dowództwem Georga von Küchlera próbowała pokonać siły Armii ,,Modlin" dowodzone przez Emila Krukowicza- Przedrzymirskiego na Północnym Mazowszu. Bitwa pod Mławą
43%
Nie znaleziono quizów pasujących do podanych kryteriów
Rozkład punktacji
Procent ludzi z każdym wynikiem
Percentyl według liczby udzielonych odpowiedzi
Twoja historia wyników
Nie rozwiązałeś tego quizu